000
00299nam a22001337a 4500
008
190306b xxu||||| |||| 00| 0 eng d
020
_a
9780071745192
041
_a
eng
080
_2
18th
_a
610
100
_a
4
101
_a
SHM
245
_a
Harrison's Manual of Medicine
_c
Longo
942
_2
udc
_c
BK
999
_c
54629
_d
54629